| 000 | 01166cam a2200301 a 4500 | ||
|---|---|---|---|
| 001 | 16872303 | ||
| 005 | 20150122110831.0 | ||
| 008 | 110714s2012 njua b 001 0 eng | ||
| 010 | _a 2011029124 | ||
| 020 | _a9781118098455 (pbk.) | ||
| 040 |
_aDLC _cDLC _dDLC |
||
| 042 | _apcc | ||
| 050 | 0 | 0 |
_aHG 4638 _b.T458 2012 |
| 082 | 0 | 0 | _a332.63/2042 |
| 100 | 1 | _aThomsett, Michael C. | |
| 245 | 1 | 0 |
_aBloomberg visual guide to candlestick charting / _cMichael C. Thomsett. |
| 246 | 3 | 0 | _aVisual guide to candlestick charting |
| 260 |
_aHoboken, N.J. : _bWiley, _cc2012. |
||
| 300 |
_a374 pages : _bcolored illustrations ; _c18 cm. |
||
| 490 | 0 | _aBloomberg visual guide series | |
| 504 | _aIncludes bibliographical references (p. 371) and index. | ||
| 505 | 0 | _aYpes of charts compared -- The history of candlesticks -- Candlesticks and their attributes -- Pitfalls of candlesticks. | |
| 650 | 0 |
_aStocks _vCharts, diagrams, etc. |
|
| 650 | 0 | _aInvestment analysis. | |
| 906 |
_a7 _bcbc _corignew _d1 _eecip _f20 _gy-gencatlg |
||
| 942 |
_2lcc _cBK _kFOR |
||
| 999 |
_c277357 _d277357 |
||